Ford tough : Bill Ford and the battle to rebuild America’s automaker

সংরক্ষণ করুন:
গ্রন্থ-পঞ্জীর বিবরন
প্রধান লেখক: Magee, David, 1965-
বিন্যাস: গ্রন্থ
প্রকাশিত: John Wiley & Sons 2005
ট্যাগগুলো: ট্যাগ যুক্ত করুন
কোনো ট্যাগ নেই, প্রথমজন হিসাবে ট্যাগ করুন!
Thư viện lưu trữ: Mạng thư viện Đại học Đà Nẵng
LEADER 00589nam a2200229 a 4500
001 000029717
003 31289
005 20171030145630.0
008 171030s2005
040 |a LTT 
082 0 |a 338.76  |b MA-D 
100 1 |a Magee, David, 1965- 
245 0 0 |a Ford tough : Bill Ford and the battle to rebuild America’s automaker  |c cDavid Magee. 
260 |b John Wiley & Sons  |c 2005 
500 |a ASIA 
OWN |a LTT 
999 |a From the UDN01 
TYP |a Monograph 
TYP |a Printed language 
980 |a Mạng thư viện Đại học Đà Nẵng